|
|
|
|
| LEADER |
00000nam a2200000 a 4500 |
| 001 |
vtls001381875 |
| 003 |
SK-MaSNL |
| 005 |
20260301161407.0 |
| 008 |
240509s1999 xo p r y eng |
| 015 |
|
|
|a SNBA2000/04-01448
|
| 020 |
|
|
|a 8070994282
|
| 035 |
|
|
|a SNK000335910
|
| 035 |
|
|
|a urn:nbn:sk:snk-amltqr
|
| 035 |
|
|
|a urn:nbn:sk:snk-am00cclh
|
| 035 |
|
|
|a 066C4CA6-E811-4687-A7EC-42B2DCFFDB96
|
| 040 |
|
|
|a SNK
|b slo
|c SNK
|e AACR2
|
| 041 |
0 |
|
|a eng
|
| 044 |
|
|
|a xo
|c SK
|
| 080 |
|
|
|a 802.0-5(075.8)(076.5)
|2 1981
|
| 100 |
1 |
|
|a Bielousová, Rimma,
|d 1959-
|4 aut
|9 39458
|
| 245 |
1 |
0 |
|a English conversation and grammar activities
|c Rimma Bielousová & Scott McLeod
|
| 250 |
|
|
|a 2. dopl. vyd.
|
| 260 |
|
|
|a Košice
|b Technická univerzita
|c 1999
|
| 300 |
|
|
|a 114 s.
|b ilustr., tab.
|c 30 cm
|
| 500 |
|
|
|a Čiast. text slov.
|
| 500 |
|
|
|a 120 výt.
|
| 650 |
0 |
7 |
|a angličtina
|x gramatika
|x konverzácia
|x cvičen ia praktické
|2 SNK
|9 524345
|
| 655 |
|
7 |
|a Textbooks (higher)
|2 SNKPHeng
|9 276436
|
| 655 |
|
7 |
|a učebnice vysokých škôl
|2 SNKPH
|9 70191
|
| 700 |
1 |
|
|a McLeod, Scott
|4 aut
|9 45665
|
| 919 |
|
|
|a 80-7099-428-2
|
| 958 |
|
|
|a TL
|
| 958 |
|
|
|a UV
|
| 958 |
|
|
|a OND
|
| 999 |
|
|
|c 809277
|d 811207
|
| 952 |
|
|
|t P60, <03>, [BOOK], {603}
|a SNK
|b SNK
|y PREZ
|7 0
|p 17A0226542
|o snkSB 61368
|i snkKSP 1369/2000
|0 0
|1 0
|4 0
|d 2000-02-01
|f 1
|l 0
|r 2025-04-15 00:00:00
|w 2026-02-24
|
| 952 |
|
|
|t P60, <04>, [BOOK], {604}
|a SNK
|b SNK
|y VYP
|7 0
|p 17A0226543
|o snkSB 61368 D1
|i snkKSP 1370/2000
|0 0
|1 0
|4 0
|d 2000-02-01
|l 0
|r 2005-01-02 00:00:00
|w 2026-02-24
|